[Event "AUTO-OPEN-4624"]
[Site "http://www.queenalice.com/game.php?id=1865588"]
[Date "2025.11.15"]
[Round "1"]
[White "tariann"]
[Black "pizzaiolo72"]
[Result "1-0"]
[WhiteElo "2323"]
[BlackElo "2078"]

1. e4 Nf6 2. e5 Nd5 3. d4 d6 4. c4 Nb6 5. exd6 exd6 6. Nc3 Nc6 7. Nf3 Bg4 8. Be3
Be7 9. Be2 O-O 10. d5 Ne5 11. Nxe5 Bxe2 12. Qxe2 dxe5 13. O-O Bf6 14. Rfd1 Qe7
15. Ne4 Rad8 16. Bc5 Qd7 17. Bxf8 Kxf8 18. d6 cxd6 19. Rxd6 Qc8 20. c5 Nd5 21.
Rd1 Rxd6 22. cxd6 Nf4 23. Qd2 Qd7 24. Rc1 Bd8 25. Nc5 Qc8 26. Qe3 Qg4 27. g3
Ne2+ 28. Kg2 Nxc1 29. Qxc1 b6 30. f3 Qc8 31. Nd3 Qxc1 32. Nxc1 Ke8 33. Ne2 Kd7
34. Nc3 a6 35. f4 exf4 36. gxf4 Kxd6 37. Kf3 Bf6 38. Ne4+ Kd5 39. Nxf6+ gxf6 40.
Ke3 f5 41. Kd3 h5 42. h4 a5 43. a4 Kc5 44. Kc3 b5 45. axb5 Kxb5 46. Kb3 f6 47.
Ka3 Kc4 48. Ka4 Kd4 49. Kxa5 Ke4 50. b4 Kxf4 51. b5 Ke3 52. b6 f4 53. b7 f3 54.
b8=Q f2 55. Qb5 Kf3 56. Qf1 f5 57. Kb4 f4 58. Kc3 Kg3 59. Kd2 f3 60. Ke3 1-0

[Event "AUTO-OPEN-4624"]
[Site "http://www.queenalice.com/game.php?id=1865589"]
[Date "2025.11.15"]
[Round "1"]
[White "pizzaiolo72"]
[Black "tariann"]
[Result "0-1"]
[WhiteElo "2065"]
[BlackElo "2300"]

1. e4 e5 2. Nf3 Nc6 3. Bb5 f5 4. d4 exd4 5. O-O fxe4 6. Re1 Nf6 7. Nxd4 Nxd4 8.
Qxd4 c6 9. Ba4 d5 10. Bg5 Be7 11. c4 O-O 12. cxd5 cxd5 13. Bb3 Be6 14. Qe5 Qd7
15. Nc3 Bd6 16. Qd4 Ng4 17. h3 Nxf2 18. Be3 Nd3 19. Re2 Be5 20. Qa4 Qxa4 21.
Nxa4 Rac8 22. Bxa7 Nc1 23. Re1 Nxb3 24. axb3 Rc2 25. Nc5 Bd4+ 26. Kh1 Bxc5 27.
Bxc5 Rxc5 28. b4 Rc2 29. Ra7 Rff2 30. Rxb7 Rxg2 31. Rb8+ Kf7 32. Rf1+ Kg6 33.
Rg1 Rxg1+ 34. Kxg1 Rxb2 35. Rb6 Kf6 36. b5 d4 37. Rb8 d3 38. b6 Bd5 39. Rf8+ Ke7
40. Rf5 Ke6 0-1

[Event "AUTO-OPEN-4624"]
[Site "http://www.queenalice.com/game.php?id=1865618"]
[Date "2025.11.15"]
[Round "1"]
[White "pizzaiolo72"]
[Black "BeatifulDevil56"]
[Result "0-1"]
[WhiteElo "2084"]
[BlackElo "2146"]

1. e4 e6 2. d4 d5 3. e5 c5 4. Nf3 cxd4 5. Nxd4 Bd7 6. c4 Bb4+ 7. Nc3 Bxc3+ 8.
bxc3 Qa5 9. Qd3 Nc6 10. Nxc6 Bxc6 11. cxd5 Bxd5 12. Bd2 Qc7 13. f4 Ne7 14. Qg3
O-O 15. c4 Nf5 16. Qb3 Bc6 17. O-O-O Rfd8 18. Rg1 Rdc8 19. Bc3 Ne3 20. Rd2 Rd8
21. Bd4 Nf5 22. Bf2 b6 23. g4 Rxd2 24. Kxd2 Qd7+ 25. Kc1 Nd4 26. Bxd4 Qxd4 27.
Rg3 Qf2 28. Qd3 Qe1+ 29. Kb2 Be4 30. Re3 Qb4+ 31. Qb3 Qd2+ 32. Ka3 Bc2 33. Qc3
Qc1+ 34. Kb4 a5+ 35. Kb5 Qb1+ 36. Kc6 Ra7 37. Bd3 Ba4+ 38. Kd6 Rd7# 0-1

[Event "AUTO-OPEN-4624"]
[Site "http://www.queenalice.com/game.php?id=1865619"]
[Date "2025.11.15"]
[Round "1"]
[White "BeatifulDevil56"]
[Black "pizzaiolo72"]
[Result "1-0"]
[WhiteElo "2123"]
[BlackElo "2058"]

1. Nf3 Nf6 2. d4 e6 3. Bf4 c5 4. e3 cxd4 5. exd4 Nc6 6. Ne5 Qb6 7. Nc4 Qxd4 8.
Qxd4 Nxd4 9. Bd3 d5 10. Nd6+ Bxd6 11. Bxd6 Ne4 12. Be5 Nc6 13. Bb5 O-O 14. Bxc6
bxc6 15. O-O f6 16. Bc7 Rf7 17. f3 Rxc7 18. fxe4 dxe4 19. Nc3 f5 20. Rad1 Rd7
21. Rxd7 Bxd7 22. Rd1 Be8 23. Na4 Rb8 24. b3 f4 25. Nc5 e5 26. Nxe4 Bg6 27. Re1
Rb4 28. c4 Kf7 29. Nc5 e4 30. Nxe4 Bxe4 31. Rxe4 g5 32. Re5 h6 33. Rc5 Rb6 34.
Ra5 a6 35. Kf2 Ke6 36. Kf3 Kf6 37. Ke4 Ke6 38. g3 fxg3 39. hxg3 Kf6 40. g4 Kg6
41. Kf3 Kg7 42. c5 Rb5 43. Rxb5 axb5 44. a4 bxa4 45. bxa4 1-0

[Event "Challenge"]
[Site "http://www.queenalice.com/game.php?id=1866040"]
[Date "2025.11.23"]
[Round "-"]
[White "jogo"]
[Black "pizzaiolo72"]
[Result "0-1"]
[WhiteElo "1783"]
[BlackElo "2080"]

1. e4 Nf6 2. e5 Nd5 3. d4 d6 4. c4 Nb6 5. f4 g6 6. Be3 Bg7 7. Nc3 O-O 8. Nf3
dxe5 9. fxe5 Nc6 10. c5 Nd5 11. Nxd5 Qxd5 12. Qc2 Bf5 13. Qa4 a6 14. O-O-O Qe4
15. Bf2 Bh6+ 0-1

[Event "Challenge"]
[Site "http://www.queenalice.com/game.php?id=1866468"]
[Date "2025.12.3"]
[Round "-"]
[White "jogo"]
[Black "pizzaiolo72"]
[Result "0-1"]
[WhiteElo "1791"]
[BlackElo "2082"]

1. e4 Nf6 2. e5 Nd5 3. d4 d6 4. c4 Nb6 5. f4 dxe5 6. fxe5 e6 7. Nf3 c5 8. Be3
cxd4 9. Nxd4 Bb4+ 10. Nc3 Bxc3+ 11. bxc3 O-O 12. Qg4 f5 13. exf6 Qxf6 14. Bg5
Qf2+ 15. Kd1 e5 16. Qe2 exd4 17. Qxf2 Rxf2 18. cxd4 Bg4+ 19. Ke1 Rf5 0-1

[Event "Challenge"]
[Site "http://www.queenalice.com/game.php?id=1866469"]
[Date "2025.12.3"]
[Round "-"]
[White "pizzaiolo72"]
[Black "jogo"]
[Result "0-1"]
[WhiteElo "2080"]
[BlackElo "1986"]

1. g4 d5 2. Bg2 Bxg4 3. c4 d4 4. Bxb7 d3 5. Nc3 dxe2 6. Ncxe2 Nd7 7. f3 Bf5 8.
Bxa8 Qxa8 9. Nd4 Bd3 10. Qb3 Nc5 11. Qb5+ Nd7 12. Nge2 e5 13. Qc6 Qxc6 14. Nxc6
a6 15. b3 f6 16. Bb2 e4 17. fxe4 Bxe4 18. O-O Bxc6 19. Rae1 Kf7 20. Nd4 Bb7 21.
Nf5 Nc5 22. Re3 g6 23. Nd4 Bh6 24. Re2 Nd3 25. Bc3 Bc8 26. Nf3 Bh3 27. Rb1 Ne7
28. b4 Bg4 29. Kg2 Nf4+ 30. Kf2 Nxe2 31. Kxe2 Rd8 32. b5 Bf5 33. Rb2 axb5 34.
cxb5 Nd5 35. Nd4 Re8+ 36. Kf3 Nxc3 37. dxc3 Re3+ 38. Kf2 Be4 39. c4 Rd3 40. Nb3
Rf3+ 41. Ke2 f5 42. Nd4 Re3+ 43. Kf2 Rh3 44. Kf1 Be3 45. Nc6 Rf3+ 46. Ke1 Kf6
47. a4 Bd3 48. b6 Rf1# 0-1

[Event "AUTO-MASTER-3291"]
[Site "http://www.queenalice.com/game.php?id=1867233"]
[Date "2025.12.18"]
[Round "1"]
[White "chessman"]
[Black "pizzaiolo72"]
[Result "0-1"]
[WhiteElo "2133"]
[BlackElo "2061"]

1. e4 Nf6 2. Bc4 Nc6 3. d3 d5 4. exd5 Nxd5 5. Nf3 Bg4 6. c3 e6 7. O-O Bd6 8. Re1
O-O 9. Bxd5 exd5 10. d4 h6 11. Nbd2 Re8 12. h3 Rxe1+ 13. Qxe1 Bh5 14. a3 Qd7 15.
g4 Bg6 16. Nf1 Re8 17. Qd1 h5 18. Nh4 Bh7 19. Ne3 hxg4 20. Qxg4 Qxg4+ 21. hxg4
Ne7 22. Bd2 Ng6 23. Nxg6 Bxg6 24. Nxd5 Re2 25. Be3 Rxb2 26. Nf4 Rb1+ 27. Rxb1
Bxb1 28. a4 Bc2 29. a5 b6 30. axb6 cxb6 31. Nd5 Bb3 32. Nb4 a5 33. Nd3 f6 34.
Bf4 Bxf4 35. Nxf4 Bc4 36. Kg2 a4 0-1

[Event "AUTO-MASTER-3291"]
[Site "http://www.queenalice.com/game.php?id=1867234"]
[Date "2025.12.18"]
[Round "1"]
[White "pizzaiolo72"]
[Black "chessman"]
[Result "1-0"]
[WhiteElo "2083"]
[BlackElo "2112"]

1. e4 e6 2. c4 d5 3. cxd5 exd5 4. exd5 Qxd5 5. Nc3 Qa5 6. Nf3 Nf6 7. Bc4 Be7 8.
O-O O-O 9. d4 Bb4 10. Bd2 c5 11. Qb3 cxd4 12. Nxd4 Ne4 13. Nxe4 Bxd2 14. Nxd2
Qxd2 15. Rad1 Qf4 16. Rfe1 Nc6 17. Nxc6 bxc6 18. Re7 Qg5 19. Bxf7+ Kh8 20. Rde1
Bf5 21. Qc3 Rad8 22. Rxa7 Qd2 23. Bb3 Qxc3 24. bxc3 Rd2 25. f3 Bc2 26. Rc7 Bxb3
27. axb3 Rb2 28. b4 Rd8 29. Rxc6 h6 30. h4 Rdd2 31. Rg6 Kh7 32. h5 Rd7 33. Rge6
Rc2 34. Re7 Rxe7 35. Rxe7 Rxc3 36. b5 Rb3 37. Rb7 Kg8 38. b6 Rb2 39. Rb8+ Kh7
40. b7 Rb5 41. g4 Rb2 42. f4 Rb3 43. Kg2 Rb4 44. Kf3 Rb3+ 45. Ke4 Rb5 46. g5
hxg5 47. fxg5 1-0

[Event "AUTO-OPEN-4632"]
[Site "http://www.queenalice.com/game.php?id=1867453"]
[Date "2025.12.29"]
[Round "1"]
[White "pizzaiolo72"]
[Black "Magnaroc"]
[Result "1-0"]
[WhiteElo "2153"]
[BlackElo "1929"]

1. e4 e5 2. Nf3 Nc6 3. Bc4 Nf6 4. d3 Be7 5. O-O O-O 6. Re1 h6 7. c3 d6 8. h3 Na5
9. Bb3 Nxb3 10. axb3 Be6 11. d4 exd4 12. cxd4 Bd7 13. Nc3 a6 14. Qc2 Nh7 15. Nd5
Bc6 16. Nxe7+ Qxe7 17. Bf4 Rac8 18. Ra4 Bxa4 19. bxa4 Nf6 20. e5 dxe5 21. Bxe5
Rfe8 22. Bf4 Qxe1+ 23. Nxe1 Rxe1+ 24. Kh2 Nd5 25. Bg3 Rce8 26. Qb3 c6 27. Qxb7
R1e6 28. Qxa6 Nb4 29. Qc4 Nd5 30. b4 Nb6 31. Qa6 Nd5 32. Qc4 Nb6 33. Qb3 Re4 34.
a5 Rxd4 35. axb6 Ree4 36. b7 Rxb4 37. b8=Q+ Rxb8 38. Qxb8+ Kh7 39. Qc7 Kg6 40.
Qxc6+ Re6 41. Qd5 Kh7 42. f4 Kg8 43. f5 Re8 44. Bf4 Re2 45. Qd8+ Kh7 46. f6 1-0

[Event "AUTO-OPEN-4632"]
[Site "http://www.queenalice.com/game.php?id=1867454"]
[Date "2025.12.29"]
[Round "1"]
[White "Magnaroc"]
[Black "pizzaiolo72"]
[Result "0-1"]
[WhiteElo "1626"]
[BlackElo "2073"]

1. e4 Nf6 2. Nc3 e5 3. d4 exd4 4. Qxd4 Nc6 5. Qd1 d6 6. Nf3 Be7 7. Be2 O-O 8.
O-O Bg4 9. h3 Bh5 10. Bg5 h6 11. Bh4 Re8 12. Re1 Qd7 13. a3 a6 14. Nh2 Bxe2 15.
Qxe2 Nd4 16. Qd1 c5 17. Nd5 Nxd5 0-1

[Event "AUTO-OPEN-4587"]
[Site "http://www.queenalice.com/game.php?id=1867662"]
[Date "2026.1.7"]
[Round "2"]
[White "pizzaiolo72"]
[Black "Capixaba789"]
[Result "1-0"]
[WhiteElo "2149"]
[BlackElo "1883"]

1. e4 e5 2. f4 d5 3. exd5 exf4 4. Nf3 Be7 5. Qe2 Qxd5 6. Nc3 Qd8 7. d4 Nf6 8.
Bxf4 c6 9. O-O-O O-O 10. h4 Bg4 11. Qd2 Bb4 12. Qd3 Nbd7 13. a3 Ba5 14. Ne4 Re8
15. Neg5 g6 16. Qb3 Be6 17. Nxe6 Rxe6 18. Ng5 Qe8 19. Nxe6 Qxe6 20. Bc4 Nd5 21.
Rde1 Bxe1 22. Be5 Nxe5 23. Bxd5 Bd2+ 24. Kxd2 cxd5 25. dxe5 Qxe5 26. g3 Qd4+ 27.
Kc1 b6 28. Rd1 Qc4 29. Rxd5 Qf1+ 30. Rd1 Qe2 31. Qd3 Qe6 32. Qd5 Qxd5 33. Rxd5
a5 34. Kd2 Kg7 35. a4 h5 36. c3 Re8 37. Kd3 Re6 38. b4 axb4 39. cxb4 Rc6 40. a5
bxa5 41. bxa5 Ra6 42. Kc4 1-0

[Event "AUTO-OPEN-4587"]
[Site "http://www.queenalice.com/game.php?id=1867663"]
[Date "2026.1.7"]
[Round "2"]
[White "Capixaba789"]
[Black "pizzaiolo72"]
[Result "0-1"]
[WhiteElo "1869"]
[BlackElo "2075"]

1. d4 d5 2. Nc3 Nf6 3. f4 e6 4. Nf3 c5 5. e3 Nc6 6. Be2 cxd4 7. Nxd4 Bc5 8. O-O
O-O 9. Bf3 a6 10. Nxc6 bxc6 11. Kh1 Re8 12. Qe1 e5 13. fxe5 Rxe5 14. Qg3 Bd6 15.
Qf2 Rf5 16. Qe1 Be6 17. Bd2 Nh5 18. Bxh5 Rxh5 19. h3 Bxh3 20. gxh3 Rxh3+ 21. Kg1
Qg5+ 0-1

[Event "Challenge"]
[Site "http://www.queenalice.com/game.php?id=1867729"]
[Date "2026.1.8"]
[Round "-"]
[White "jogo"]
[Black "pizzaiolo72"]
[Result "0-1"]
[WhiteElo "1977"]
[BlackElo "2100"]

1. e4 Nf6 2. e5 Nd5 3. d4 d6 4. c4 Nb6 5. f4 dxe5 6. fxe5 g6 7. Be3 Nc6 8. Nc3
Bg7 9. h3 O-O 10. Nf3 a5 11. c5 Nd5 12. Nxd5 Qxd5 13. b3 Qe4 14. Bd3 Qxe3+ 15.
Qe2 Qxe2+ 16. Bxe2 a4 17. O-O axb3 18. axb3 Rxa1 19. Rxa1 Be6 20. Rb1 Rd8 21. b4
Nxd4 22. Nxd4 Rxd4 0-1

[Event "AUTO-OPEN-4564"]
[Site "http://www.queenalice.com/game.php?id=1867926"]
[Date "2026.1.14"]
[Round "3"]
[White "pizzaiolo72"]
[Black "delphicoracle"]
[Result "0-1"]
[WhiteElo "2158"]
[BlackElo "2661"]

1. e4 Nf6 2. e5 Nd5 3. d4 d6 4. c4 Nb6 5. f4 dxe5 6. fxe5 Nc6 7. Nf3 Bg4 8. Be3
Bxf3 9. gxf3 e6 10. Nc3 Be7 11. c5 Nd5 12. Qd2 Nxe3 13. Qxe3 Qxd4 14. Qxd4 Nxd4
15. Kf2 Bxc5 16. Kg2 O-O-O 17. Ne4 Be7 18. a4 Nc6 19. Bc4 Nxe5 20. Rac1 Rd4 21.
b3 Nxc4 22. Rxc4 Rxc4 23. bxc4 Rd8 24. Rc1 Rd3 25. Rc3 Rxc3 26. Nxc3 a6 27. f4
Kd7 28. Kf3 Kc6 29. Ke4 Kc5 30. Kd3 Kb4 31. f5 exf5 32. Nd5+ Kxa4 33. Nxe7 f4
34. Nd5 f3 35. Nxc7 f2 36. Ke2 f1=Q+ 37. Kxf1 Kb4 38. Ne8 a5 39. Ke1 Kc3 40. c5
a4 41. Nd6 a3 0-1